Loading...
| Fine Arts - Visual | 1 | 5 | 2 | 0 | 55 | 60 | 77.50 | 5 | 6 | 0.00 | 0.00 |
| Fine Arts - Auditory | 1 | 4 | 0 | 0 | 55 | 63 | 122.20 | 1 | 4 | 0.00 | 0.00 |
| Philosophy | 0 | 6 | 1 | 1 | 55 | 64 | 93.33 | 5 | 6 | 0.00 | 0.00 |
| Science - Physics | 0 | 4 | 0 | 1 | 40 | 75 | 105.50 | 2 | 4 | 0.00 | 0.00 |
| Literature - European | 1 | 3 | 1 | 0 | 40 | 50 | 97.50 | 2 | 4 | 0.00 | 0.00 |
| Science - Biology | 0 | 4 | 1 | 0 | 35 | 100 | 115.25 | 1 | 3 | 0.00 | 0.00 |
| Other Arts: Auditory | 0 | 3 | 0 | 0 | 30 | 88 | 107.00 | 3 | 3 | 0.00 | 0.00 |
| Beliefs | 1 | 1 | 0 | 0 | 25 | 43 | 64.00 | 2 | 2 | 0.00 | 0.00 |
| Literature - American | 1 | 1 | 0 | 0 | 25 | 66 | 84.00 | 2 | 2 | 0.00 | 0.00 |
| Literature - British | 0 | 2 | 0 | 0 | 20 | 78 | 84.50 | 2 | 2 | 0.00 | 0.00 |
| History - World | 0 | 2 | 0 | 0 | 20 | 86 | 97.50 | 0 | 2 | 0.00 | 0.00 |
| Other Science: Computer Science | 0 | 2 | 0 | 0 | 20 | 115 | 120.50 | 2 | 2 | 0.00 | 0.00 |
| Social Science | 0 | 2 | 0 | 1 | 20 | 123 | 130.50 | 2 | 2 | 0.00 | 0.00 |
| 0 | 2 | 0 | 0 | 20 | 135 | 137.00 | 2 | 2 | 0.00 | 0.00 | |
| Other Science: Math | 0 | 2 | 2 | 0 | 10 | 116 | 124.00 | 0 | 2 | 0.00 | 0.00 |
| History - American | 0 | 1 | 0 | 0 | 10 | 122 | 122.00 | 0 | 1 | 0.00 | 0.00 |
| Geography | 0 | 1 | 0 | 0 | 10 | 118 | 118.00 | 1 | 1 | 0.00 | 0.00 |
| Current Events | 0 | 1 | 0 | 0 | 10 | 104 | 104.00 | 0 | 0 | 0.00 | 0.00 |
| Other Science: Earth Science | 0 | 1 | 0 | 0 | 10 | 133 | 133.00 | 1 | 1 | 0.00 | 0.00 |
| Other Arts: Visual | 0 | 1 | 2 | 0 | 0 | 118 | 118.00 | 0 | 1 | 0.00 | 0.00 |